[Event "April 9 Late 2024"]
[Site "Chess.com"]
[Date "2024.04.09"]
[Round "6"]
[White "Yankelevich, Lev"]
[Black "Dziewonski, Dariusz"]
[Result "1-0"]
[Board "62"]
[WhiteFideId "24684074"]
[BlackFideId "21835829"]
[WhiteTitle "GM"]
[BlackTitle "FM"]
[WhiteElo "2672"]
[BlackElo "2525"]
[WhiteTeam "GER"]
[BlackTeam "POL"]
[WhiteClock "0:01:07"]
[BlackClock "0:00:00"]
[Variant "Standard"]

1. d4 {[%clk 0:03:00]}  d5 {[%clk 0:02:59]} 2. c4 {[%clk 0:03:00]}  e6 {[%clk 0:02:59]} 3. Nf3 {[%clk 0:03:00]}  c6 {[%clk 0:02:59]} 4. Bg5 {[%clk 0:02:58]}  Be7 {[%clk 0:02:57]} 5. Bxe7 {[%clk 0:02:58]}  Nxe7 {[%clk 0:02:57]} 6. Nbd2 {[%clk 0:02:59]}  O-O {[%clk 0:02:56]} 7. g3 {[%clk 0:02:59]}  Nd7 {[%clk 0:02:47]} 8. Bg2 {[%clk 0:02:59]}  f5 {[%clk 0:02:47]} 9. O-O {[%clk 0:02:59]}  Nf6 {[%clk 0:02:48]} 10. b4 {[%clk 0:02:59]}  Ne4 {[%clk 0:02:44]} 11. Qb3 {[%clk 0:02:53]}  Bd7 {[%clk 0:02:40]} 12. Rfc1 {[%clk 0:02:52]}  Ng6 {[%clk 0:02:35]} 13. e3 {[%clk 0:02:48]}  Qf6 {[%clk 0:02:29]} 14. a4 {[%clk 0:02:44]}  a6 {[%clk 0:02:12]} 15. Qb2 {[%clk 0:02:42]}  Nh8 {[%clk 0:01:52]} 16. Nb3 {[%clk 0:02:42]}  g5 {[%clk 0:01:51]} 17. Ne5 {[%clk 0:02:40]}  Be8 {[%clk 0:01:49]} 18. Nc5 {[%clk 0:02:38]}  Rb8 {[%clk 0:01:41]} 19. Ncd7 {[%clk 0:02:29]}  Bxd7 {[%clk 0:01:38]} 20. Nxd7 {[%clk 0:02:30]}  Qh6 {[%clk 0:01:36]} 21. Nxb8 {[%clk 0:02:29]}  Rxb8 {[%clk 0:01:36]} 22. b5 {[%clk 0:02:29]}  Qf8 {[%clk 0:01:27]} 23. Rab1 {[%clk 0:02:28]}  axb5 {[%clk 0:01:16]} 24. cxb5 {[%clk 0:02:26]}  c5 {[%clk 0:00:57]} 25. Bxe4 {[%clk 0:02:23]}  fxe4 {[%clk 0:00:55]} 26. dxc5 {[%clk 0:02:24]}  Ng6 {[%clk 0:00:50]} 27. c6 {[%clk 0:02:18]}  bxc6 {[%clk 0:00:51]} 28. Rxc6 {[%clk 0:02:19]}  Qf5 {[%clk 0:00:45]} 29. Rbc1 {[%clk 0:02:19]}  Ne5 {[%clk 0:00:37]} 30. Rc8+ {[%clk 0:02:20]}  Rxc8 {[%clk 0:00:37]} 31. Rxc8+ {[%clk 0:02:20]}  Kf7 {[%clk 0:00:38]} 32. Rc7+ {[%clk 0:02:17]}  Kg6 {[%clk 0:00:37]} 33. b6 {[%clk 0:01:49]}  Qf3 {[%clk 0:00:09]} 34. Qa1 {[%clk 0:01:19]}  Kf5 {[%clk 0:00:04]} 35. b7 {[%clk 0:01:15]}  Kg4 {[%clk 0:00:02]} 36. b8=Q {[%clk 0:01:15]}  Nd3 {[%clk 0:00:00]} 37. Qf1 {[%clk 0:01:07]} 1-0

[Event "April 9 Late 2024"]
[Site "Chess.com"]
[Date "2024.04.09"]
[Round "6"]
[White "Shandrygin, Nikita"]
[Black "Kubicka, Anna"]
[Result "1/2-1/2"]
[Board "63"]
[WhiteFideId "24198668"]
[BlackFideId "1152254"]
[WhiteTitle "FM"]
[BlackTitle "WIM"]
[WhiteElo "2672"]
[BlackElo "2520"]
[WhiteTeam "RUS"]
[BlackTeam "POL"]
[WhiteClock "0:01:33"]
[BlackClock "0:01:16"]
[Variant "Standard"]

1. e4 {[%clk 0:03:00]}  c5 {[%clk 0:02:56]} 2. Nf3 {[%clk 0:03:00]}  d6 {[%clk 0:02:56]} 3. d4 {[%clk 0:03:01]}  cxd4 {[%clk 0:02:57]} 4. Nxd4 {[%clk 0:03:01]}  Nf6 {[%clk 0:02:58]} 5. Nc3 {[%clk 0:03:02]}  a6 {[%clk 0:02:58]} 6. Bg5 {[%clk 0:03:01]}  Nbd7 {[%clk 0:02:58]} 7. f4 {[%clk 0:03:00]}  Qc7 {[%clk 0:02:58]} 8. Qf3 {[%clk 0:03:00]}  h6 {[%clk 0:02:59]} 9. Bh4 {[%clk 0:02:54]}  g5 {[%clk 0:02:59]} 10. fxg5 {[%clk 0:02:49]}  hxg5 {[%clk 0:02:59]} 11. Bxg5 {[%clk 0:02:48]}  Qc5 {[%clk 0:03:00]} 12. Be3 {[%clk 0:02:43]}  Ne5 {[%clk 0:02:59]} 13. Qe2 {[%clk 0:02:40]}  Neg4 {[%clk 0:02:59]} 14. Bg1 {[%clk 0:02:39]}  Qg5 {[%clk 0:02:48]} 15. Nf3 {[%clk 0:02:33]}  Qa5 {[%clk 0:02:47]} 16. O-O-O {[%clk 0:02:31]}  Be6 {[%clk 0:02:47]} 17. a3 {[%clk 0:02:06]}  Rc8 {[%clk 0:02:46]} 18. Nd4 {[%clk 0:01:43]}  Rxc3 {[%clk 0:02:29]} 19. Nxe6 {[%clk 0:01:42]}  Rxa3 {[%clk 0:02:11]} 20. Nc7+ {[%clk 0:01:35]}  Kd7 {[%clk 0:01:51]} 21. bxa3 {[%clk 0:01:36]}  Qxa3+ {[%clk 0:01:49]} 22. Kb1 {[%clk 0:01:36]}  Qb4+ {[%clk 0:01:41]} 23. Ka2 {[%clk 0:01:31]}  Qa4+ {[%clk 0:01:20]} 24. Kb2 {[%clk 0:01:31]}  Qb4+ {[%clk 0:01:15]} 25. Ka2 {[%clk 0:01:32]}  Qa4+ {[%clk 0:01:16]} 26. Kb2 {[%clk 0:01:32]}  Qb4+ {[%clk 0:01:16]} 27. Ka2 {[%clk 0:01:33]} 1/2-1/2

[Event "April 9 Late 2024"]
[Site "Chess.com"]
[Date "2024.04.09"]
[Round "6"]
[White "Hayrapetyan, Edgar"]
[Black "Shah Dev"]
[Result "0-1"]
[Board "65"]
[WhiteFideId "13313568"]
[BlackFideId "35019058"]
[WhiteTitle "FM"]
[BlackTitle "CM"]
[WhiteElo "2668"]
[BlackElo "2513"]
[WhiteTeam "ARM"]
[BlackTeam "IND"]
[WhiteClock "0:00:59"]
[BlackClock "0:00:07"]
[Variant "Standard"]

1. e4 {[%clk 0:03:00]}  e5 {[%clk 0:02:59]} 2. Nf3 {[%clk 0:03:01]}  Nc6 {[%clk 0:02:59]} 3. Bb5 {[%clk 0:03:01]}  a6 {[%clk 0:02:59]} 4. Ba4 {[%clk 0:03:02]}  Nf6 {[%clk 0:02:59]} 5. O-O {[%clk 0:03:02]}  b5 {[%clk 0:02:59]} 6. Bb3 {[%clk 0:03:02]}  Bc5 {[%clk 0:03:00]} 7. c3 {[%clk 0:03:02]}  d6 {[%clk 0:03:00]} 8. d4 {[%clk 0:03:03]}  Bb6 {[%clk 0:03:00]} 9. a4 {[%clk 0:02:57]}  Rb8 {[%clk 0:03:00]} 10. axb5 {[%clk 0:02:57]}  axb5 {[%clk 0:03:00]} 11. dxe5 {[%clk 0:02:58]}  Nxe5 {[%clk 0:02:42]} 12. Nxe5 {[%clk 0:02:54]}  dxe5 {[%clk 0:02:43]} 13. Qe2 {[%clk 0:02:39]}  O-O {[%clk 0:02:40]} 14. Be3 {[%clk 0:02:38]}  Bg4 {[%clk 0:02:27]} 15. f3 {[%clk 0:02:38]}  Bh5 {[%clk 0:02:27]} 16. Rd1 {[%clk 0:02:35]}  Qe7 {[%clk 0:02:13]} 17. Nd2 {[%clk 0:02:34]}  Rfd8 {[%clk 0:01:45]} 18. Bxb6 {[%clk 0:02:32]}  Rxb6 {[%clk 0:01:45]} 19. Nf1 {[%clk 0:02:32]}  h6 {[%clk 0:01:29]} 20. Ne3 {[%clk 0:02:28]}  Bg6 {[%clk 0:01:20]} 21. Rxd8+ {[%clk 0:02:25]}  Qxd8 {[%clk 0:01:21]} 22. Rd1 {[%clk 0:02:24]}  Qe7 {[%clk 0:00:56]} 23. Kf1 {[%clk 0:02:17]}  Kh7 {[%clk 0:00:53]} 24. Qf2 {[%clk 0:02:11]}  Rd6 {[%clk 0:00:44]} 25. Rxd6 {[%clk 0:02:09]}  Qxd6 {[%clk 0:00:45]} 26. Qe2 {[%clk 0:02:10]}  c6 {[%clk 0:00:44]} 27. Qd1 {[%clk 0:02:08]}  Qc5 {[%clk 0:00:44]} 28. Qd2 {[%clk 0:02:06]}  Ne8 {[%clk 0:00:34]} 29. Nd1 {[%clk 0:02:03]}  Qe7 {[%clk 0:00:30]} 30. Nf2 {[%clk 0:02:02]}  Nd6 {[%clk 0:00:30]} 31. Qe3 {[%clk 0:01:59]}  f5 {[%clk 0:00:30]} 32. exf5 {[%clk 0:01:50]}  Nxf5 {[%clk 0:00:30]} 33. Qb6 {[%clk 0:01:47]}  Qd7 {[%clk 0:00:24]} 34. Qc5 {[%clk 0:01:38]}  Qc7 {[%clk 0:00:16]} 35. Qf8 {[%clk 0:01:36]}  Ne7 {[%clk 0:00:14]} 36. Ng4 {[%clk 0:01:33]}  Qd6 {[%clk 0:00:10]} 37. Ke1 {[%clk 0:01:30]}  h5 {[%clk 0:00:08]} 38. Bg8+ {[%clk 0:01:28]}  Kh8 {[%clk 0:00:06]} 39. Ne3 {[%clk 0:01:18]}  Qf6 {[%clk 0:00:06]} 40. Qxf6 {[%clk 0:01:15]}  gxf6 {[%clk 0:00:07]} 41. Be6 {[%clk 0:01:16]}  Kg7 {[%clk 0:00:08]} 42. Nc2 {[%clk 0:01:15]}  Bxc2 {[%clk 0:00:08]} 43. Kd2 {[%clk 0:01:16]}  Bf5 {[%clk 0:00:08]} 44. Bb3 {[%clk 0:01:15]}  Bd7 {[%clk 0:00:08]} 45. Ke3 {[%clk 0:01:12]}  Nd5+ {[%clk 0:00:08]} 46. Kd2 {[%clk 0:01:12]}  f5 {[%clk 0:00:07]} 47. Bc2 {[%clk 0:01:10]}  Kf6 {[%clk 0:00:08]} 48. b3 {[%clk 0:01:10]}  h4 {[%clk 0:00:07]} 49. g3 {[%clk 0:01:09]}  hxg3 {[%clk 0:00:07]} 50. hxg3 {[%clk 0:01:10]}  Ne7 {[%clk 0:00:05]} 51. Bd3 {[%clk 0:01:08]}  Be6 {[%clk 0:00:05]} 52. c4 {[%clk 0:01:06]}  bxc4 {[%clk 0:00:05]} 53. bxc4 {[%clk 0:01:07]}  c5 {[%clk 0:00:05]} 54. Ke3 {[%clk 0:01:00]}  Nc8 {[%clk 0:00:06]} 55. Kd2 {[%clk 0:00:59]}  Nd6 {[%clk 0:00:06]} 56. Kc3 {[%clk 0:01:00]}  Kg5 {[%clk 0:00:06]} 57. Be2 {[%clk 0:00:58]}  e4 {[%clk 0:00:05]} 58. f4+ {[%clk 0:00:59]}  Kf6 {[%clk 0:00:05]} 59. Kb3 {[%clk 0:00:59]}  Ke7 {[%clk 0:00:04]} 60. Kc3 {[%clk 0:00:58]}  Kd7 {[%clk 0:00:04]} 61. g4 {[%clk 0:00:56]}  fxg4 {[%clk 0:00:04]} 62. Kd2 {[%clk 0:00:57]}  Nxc4+ {[%clk 0:00:03]} 63. Kc3 {[%clk 0:00:57]}  Nd6 {[%clk 0:00:04]} 64. Kd2 {[%clk 0:00:57]}  Bf5 {[%clk 0:00:04]} 65. Ke3 {[%clk 0:00:57]}  Kc6 {[%clk 0:00:04]} 66. Bf1 {[%clk 0:00:57]}  Kd5 {[%clk 0:00:05]} 67. Be2 {[%clk 0:00:57]}  Nc4+ {[%clk 0:00:05]} 68. Kf2 {[%clk 0:00:57]}  Kd4 {[%clk 0:00:06]} 69. Kg3 {[%clk 0:00:57]}  Ne3 {[%clk 0:00:05]} 70. Ba6 {[%clk 0:00:57]}  c4 {[%clk 0:00:06]} 71. Kf2 {[%clk 0:00:58]}  c3 {[%clk 0:00:06]} 72. Ke2 {[%clk 0:00:58]}  g3 {[%clk 0:00:06]} 73. Bb7 {[%clk 0:00:56]}  g2 {[%clk 0:00:06]} 74. Kf2 {[%clk 0:00:57]}  c2 {[%clk 0:00:07]} 75. Bxe4 {[%clk 0:00:57]}  Bxe4 {[%clk 0:00:06]} 76. f5 {[%clk 0:00:58]}  c1=Q {[%clk 0:00:06]} 77. f6 {[%clk 0:00:58]}  g1=Q+ {[%clk 0:00:07]} 78. Ke2 {[%clk 0:00:59]}  Qcd1# {[%clk 0:00:07]} 0-1

[Event "April 9 Late 2024"]
[Site "Chess.com"]
[Date "2024.04.09"]
[Round "6"]
[White "Aldokhin, Ivan"]
[Black "Ghimoyan, Narek"]
[Result "0-1"]
[Board "67"]
[WhiteFideId "24115720"]
[BlackFideId "13315412"]
[WhiteTitle "IM"]
[BlackTitle "CM"]
[WhiteElo "2658"]
[BlackElo "2511"]
[WhiteTeam "RUS"]
[BlackTeam "ARM"]
[WhiteClock "0:00:46"]
[BlackClock "0:00:49"]
[Variant "Standard"]

1. e4 {[%clk 0:02:59]}  e6 {[%clk 0:03:00]} 2. d4 {[%clk 0:02:59]}  d5 {[%clk 0:03:00]} 3. Nc3 {[%clk 0:03:00]}  Nf6 {[%clk 0:03:00]} 4. e5 {[%clk 0:03:00]}  Nfd7 {[%clk 0:03:00]} 5. f4 {[%clk 0:03:01]}  c5 {[%clk 0:03:01]} 6. Nf3 {[%clk 0:03:02]}  Nc6 {[%clk 0:03:01]} 7. Be3 {[%clk 0:03:03]}  cxd4 {[%clk 0:03:02]} 8. Nxd4 {[%clk 0:03:02]}  Qb6 {[%clk 0:03:02]} 9. Ncb5 {[%clk 0:02:59]}  Nxd4 {[%clk 0:02:51]} 10. Bxd4 {[%clk 0:02:56]}  Bc5 {[%clk 0:02:50]} 11. Nd6+ {[%clk 0:02:33]}  Ke7 {[%clk 0:02:50]} 12. Bxc5 {[%clk 0:02:32]}  Qxc5 {[%clk 0:02:37]} 13. Qh5 {[%clk 0:02:24]}  Qb4+ {[%clk 0:02:14]} 14. c3 {[%clk 0:02:24]}  Qxf4 {[%clk 0:02:14]} 15. Be2 {[%clk 0:02:19]}  Qxe5 {[%clk 0:02:14]} 16. Nxf7 {[%clk 0:02:12]}  Qxh5 {[%clk 0:02:11]} 17. Bxh5 {[%clk 0:02:13]}  Rf8 {[%clk 0:02:10]} 18. Ng5 {[%clk 0:02:10]}  Rf5 {[%clk 0:02:03]} 19. h4 {[%clk 0:02:11]}  h6 {[%clk 0:02:03]} 20. Nf3 {[%clk 0:02:07]}  Rxh5 {[%clk 0:01:31]} 21. g4 {[%clk 0:01:59]}  Ne5 {[%clk 0:01:31]} 22. gxh5 {[%clk 0:01:49]}  Nxf3+ {[%clk 0:01:30]} 23. Kf2 {[%clk 0:01:50]}  Ne5 {[%clk 0:01:30]} 24. Rae1 {[%clk 0:01:46]}  Ng4+ {[%clk 0:01:27]} 25. Kf3 {[%clk 0:01:42]}  Nf6 {[%clk 0:01:27]} 26. Rhg1 {[%clk 0:01:39]}  Kf7 {[%clk 0:01:27]} 27. Re5 {[%clk 0:01:37]}  Bd7 {[%clk 0:01:25]} 28. Ke3 {[%clk 0:01:36]}  Rc8 {[%clk 0:01:24]} 29. Kd3 {[%clk 0:01:32]}  Rc4 {[%clk 0:01:23]} 30. Rh1 {[%clk 0:01:26]}  Bb5 {[%clk 0:01:20]} 31. Kc2 {[%clk 0:01:21]}  Rf4 {[%clk 0:01:15]} 32. b3 {[%clk 0:01:09]}  Rf2+ {[%clk 0:01:14]} 33. Kb1 {[%clk 0:01:09]}  Ne4 {[%clk 0:01:10]} 34. c4 {[%clk 0:01:03]}  Bc6 {[%clk 0:01:06]} 35. Re1 {[%clk 0:00:57]}  Nc3+ {[%clk 0:01:02]} 36. Kc1 {[%clk 0:00:55]}  Nxa2+ {[%clk 0:01:00]} 37. Kb1 {[%clk 0:00:56]}  Nc3+ {[%clk 0:01:01]} 38. Kc1 {[%clk 0:00:56]}  Ne4 {[%clk 0:00:58]} 39. cxd5 {[%clk 0:00:55]}  exd5 {[%clk 0:00:55]} 40. b4 {[%clk 0:00:46]}  Kf6 {[%clk 0:00:49]} 0-1

[Event "April 9 Late 2024"]
[Site "Chess.com"]
[Date "2024.04.09"]
[Round "6"]
[White "Gubajdullin, Alexei"]
[Black "Paragua, Megan Althea"]
[Result "1-0"]
[Board "69"]
[WhiteFideId "4141202"]
[BlackFideId "30973007"]
[WhiteTitle "FM"]
[BlackTitle "WFM"]
[WhiteElo "2653"]
[BlackElo "2459"]
[WhiteTeam "RUS"]
[BlackTeam "USA"]
[WhiteClock "0:01:29"]
[BlackClock "0:00:00"]
[Variant "Standard"]

1. Nf3 {[%clk 0:03:00]}  Nf6 {[%clk 0:02:57]} 2. g3 {[%clk 0:02:57]}  e6 {[%clk 0:02:56]} 3. Bg2 {[%clk 0:02:56]}  d5 {[%clk 0:02:56]} 4. O-O {[%clk 0:02:54]}  Be7 {[%clk 0:02:55]} 5. b3 {[%clk 0:02:52]}  O-O {[%clk 0:02:55]} 6. Bb2 {[%clk 0:02:46]}  b6 {[%clk 0:02:53]} 7. e3 {[%clk 0:02:46]}  Bb7 {[%clk 0:02:53]} 8. c4 {[%clk 0:02:46]}  c5 {[%clk 0:02:52]} 9. Nc3 {[%clk 0:02:46]}  Nbd7 {[%clk 0:02:51]} 10. Qe2 {[%clk 0:02:46]}  Rc8 {[%clk 0:02:50]} 11. d3 {[%clk 0:02:46]}  Qc7 {[%clk 0:02:48]} 12. Rad1 {[%clk 0:02:46]}  Rfd8 {[%clk 0:02:46]} 13. Ne1 {[%clk 0:02:45]}  Qb8 {[%clk 0:02:41]} 14. g4 {[%clk 0:02:44]}  d4 {[%clk 0:02:26]} 15. exd4 {[%clk 0:02:42]}  Bxg2 {[%clk 0:02:23]} 16. Nxg2 {[%clk 0:02:42]}  cxd4 {[%clk 0:02:23]} 17. Nb5 {[%clk 0:02:42]}  e5 {[%clk 0:02:22]} 18. g5 {[%clk 0:02:38]}  Ne8 {[%clk 0:02:20]} 19. Nxd4 {[%clk 0:02:37]}  Bxg5 {[%clk 0:02:12]} 20. Nf5 {[%clk 0:02:34]}  Bf6 {[%clk 0:02:07]} 21. f4 {[%clk 0:02:30]}  Kh8 {[%clk 0:00:38]} 22. Qg4 {[%clk 0:02:22]}  Nd6 {[%clk 0:00:30]} 23. Nge3 {[%clk 0:01:43]}  Nxf5 {[%clk 0:00:24]} 24. Nxf5 {[%clk 0:01:43]}  g6 {[%clk 0:00:15]} 25. Nh6 {[%clk 0:01:42]}  Kg7 {[%clk 0:00:15]} 26. fxe5 {[%clk 0:01:41]}  Nxe5 {[%clk 0:00:15]} 27. Qf4 {[%clk 0:01:40]}  Qd6 {[%clk 0:00:13]} 28. Nxf7 {[%clk 0:01:33]}  Nxf7 {[%clk 0:00:04]} 29. Qxf6+ {[%clk 0:01:33]}  Qxf6 {[%clk 0:00:02]} 30. Bxf6+ {[%clk 0:01:33]}  Kg8 {[%clk 0:00:03]} 31. Bxd8 {[%clk 0:01:33]}  Rxd8 {[%clk 0:00:04]} 32. d4 {[%clk 0:01:33]}  Nd6 {[%clk 0:00:04]} 33. d5 {[%clk 0:01:32]}  Nf5 {[%clk 0:00:04]} 34. Rfe1 {[%clk 0:01:32]}  Kf7 {[%clk 0:00:04]} 35. b4 {[%clk 0:01:31]}  Rd7 {[%clk 0:00:04]} 36. c5 {[%clk 0:01:30]}  a5 {[%clk 0:00:03]} 37. c6 {[%clk 0:01:29]}  Rc7 {[%clk 0:00:03]} 38. d6 {[%clk 0:01:29]}  Nxd6 {[%clk 0:00:00]} 39. Rxd6 {[%clk 0:01:29]} 1-0

[Event "April 9 Late 2024"]
[Site "Chess.com"]
[Date "2024.04.09"]
[Round "6"]
[White "Hoffmann, Asa"]
[Black "Svane, Rasmus"]
[Result "1/2-1/2"]
[Board "74"]
[WhiteFideId "2001470"]
[BlackFideId "4657101"]
[WhiteTitle "FM"]
[BlackTitle "GM"]
[WhiteElo "2360"]
[BlackElo "2881"]
[WhiteTeam "USA"]
[BlackTeam "GER"]
[WhiteClock "0:00:05"]
[BlackClock "0:00:02"]
[Variant "Standard"]

1. d4 {[%clk 0:02:56]}  d5 {[%clk 0:02:56]} 2. Bg5 {[%clk 0:02:52]}  c5 {[%clk 0:02:54]} 3. dxc5 {[%clk 0:02:50]}  f6 {[%clk 0:02:43]} 4. Bh4 {[%clk 0:02:48]}  e5 {[%clk 0:02:40]} 5. e4 {[%clk 0:02:44]}  dxe4 {[%clk 0:02:38]} 6. Qxd8+ {[%clk 0:02:42]}  Kxd8 {[%clk 0:02:38]} 7. Nc3 {[%clk 0:02:42]}  Bxc5 {[%clk 0:02:31]} 8. Nxe4 {[%clk 0:02:40]}  Be7 {[%clk 0:02:31]} 9. O-O-O+ {[%clk 0:02:39]}  Nd7 {[%clk 0:02:17]} 10. Bg3 {[%clk 0:02:27]}  Nh6 {[%clk 0:02:11]} 11. f4 {[%clk 0:02:24]}  Nf5 {[%clk 0:02:00]} 12. fxe5 {[%clk 0:02:17]}  Nxg3 {[%clk 0:01:59]} 13. hxg3 {[%clk 0:02:12]}  fxe5 {[%clk 0:01:59]} 14. Nf3 {[%clk 0:02:12]}  Kc7 {[%clk 0:01:48]} 15. Nc3 {[%clk 0:02:07]}  Bf6 {[%clk 0:01:32]} 16. Nd5+ {[%clk 0:01:56]}  Kc6 {[%clk 0:01:31]} 17. Bc4 {[%clk 0:01:40]}  Nb6 {[%clk 0:01:20]} 18. Nxb6 {[%clk 0:01:38]}  axb6 {[%clk 0:01:19]} 19. a3 {[%clk 0:01:20]}  Bf5 {[%clk 0:01:19]} 20. Nh4 {[%clk 0:01:18]}  Bg4 {[%clk 0:01:17]} 21. Rde1 {[%clk 0:01:14]}  Rad8 {[%clk 0:01:15]} 22. Nf3 {[%clk 0:01:10]}  Bf5 {[%clk 0:01:14]} 23. Nxe5+ {[%clk 0:01:04]}  Bxe5 {[%clk 0:01:02]} 24. Rxe5 {[%clk 0:01:04]}  Rhf8 {[%clk 0:01:00]} 25. Re7 {[%clk 0:00:59]}  Bg6 {[%clk 0:00:50]} 26. Rxg7 {[%clk 0:00:54]}  Rf2 {[%clk 0:00:50]} 27. Bd3 {[%clk 0:00:49]}  Bxd3 {[%clk 0:00:48]} 28. cxd3 {[%clk 0:00:48]}  Rxg2 {[%clk 0:00:48]} 29. Rd1 {[%clk 0:00:37]}  Rf8 {[%clk 0:00:32]} 30. Rd2 {[%clk 0:00:35]}  Rf1+ {[%clk 0:00:32]} 31. Kc2 {[%clk 0:00:35]}  Rgg1 {[%clk 0:00:33]} 32. Rxh7 {[%clk 0:00:33]}  Rxg3 {[%clk 0:00:33]} 33. Rh6+ {[%clk 0:00:33]}  Kb5 {[%clk 0:00:33]} 34. Kb3 {[%clk 0:00:31]}  Rf5 {[%clk 0:00:31]} 35. Re6 {[%clk 0:00:28]}  Rd5 {[%clk 0:00:30]} 36. Kc3 {[%clk 0:00:27]}  Rg7 {[%clk 0:00:30]} 37. Re4 {[%clk 0:00:26]}  Rgd7 {[%clk 0:00:29]} 38. a4+ {[%clk 0:00:25]}  Ka5 {[%clk 0:00:29]} 39. b4+ {[%clk 0:00:24]}  Kxa4 {[%clk 0:00:21]} 40. Re6 {[%clk 0:00:22]}  Kb5 {[%clk 0:00:20]} 41. d4 {[%clk 0:00:20]}  Rc7+ {[%clk 0:00:20]} 42. Kb3 {[%clk 0:00:19]}  Rc4 {[%clk 0:00:19]} 43. Re5 {[%clk 0:00:19]}  Rxb4+ {[%clk 0:00:20]} 44. Kc3 {[%clk 0:00:19]}  Rc4+ {[%clk 0:00:18]} 45. Kb3 {[%clk 0:00:19]}  Rxe5 {[%clk 0:00:13]} 46. dxe5 {[%clk 0:00:18]}  Re4 {[%clk 0:00:13]} 47. Rd7 {[%clk 0:00:15]}  Re3+ {[%clk 0:00:11]} 48. Kb2 {[%clk 0:00:13]}  Kc6 {[%clk 0:00:07]} 49. Rd6+ {[%clk 0:00:12]}  Kc5 {[%clk 0:00:07]} 50. Rd7 {[%clk 0:00:12]}  Rxe5 {[%clk 0:00:05]} 51. Rxb7 {[%clk 0:00:12]}  b5 {[%clk 0:00:04]} 52. Rd7 {[%clk 0:00:11]}  Kc4 {[%clk 0:00:04]} 53. Rd2 {[%clk 0:00:10]}  Re3 {[%clk 0:00:04]} 54. Rg2 {[%clk 0:00:09]}  Kb4 {[%clk 0:00:04]} 55. Rf2 {[%clk 0:00:10]}  Ka4 {[%clk 0:00:05]} 56. Rg2 {[%clk 0:00:10]}  Rb3+ {[%clk 0:00:05]} 57. Ka2 {[%clk 0:00:10]}  Ra3+ {[%clk 0:00:06]} 58. Kb2 {[%clk 0:00:10]}  Rf3 {[%clk 0:00:07]} 59. Re2 {[%clk 0:00:09]}  b4 {[%clk 0:00:07]} 60. Rd2 {[%clk 0:00:10]}  Ra3 {[%clk 0:00:07]} 61. Re2 {[%clk 0:00:09]}  Rd3 {[%clk 0:00:07]} 62. Rf2 {[%clk 0:00:10]}  Rd4 {[%clk 0:00:07]} 63. Re2 {[%clk 0:00:10]}  Rf4 {[%clk 0:00:07]} 64. Rg2 {[%clk 0:00:10]}  Rh4 {[%clk 0:00:07]} 65. Rf2 {[%clk 0:00:10]}  Rh1 {[%clk 0:00:07]} 66. Re2 {[%clk 0:00:10]}  Rd1 {[%clk 0:00:07]} 67. Rf2 {[%clk 0:00:10]}  Rd4 {[%clk 0:00:06]} 68. Re2 {[%clk 0:00:10]}  Kb5 {[%clk 0:00:06]} 69. Rf2 {[%clk 0:00:10]}  Re4 {[%clk 0:00:06]} 70. Rg2 {[%clk 0:00:11]}  Kc4 {[%clk 0:00:06]} 71. Rf2 {[%clk 0:00:10]}  Rg4 {[%clk 0:00:06]} 72. Rh2 {[%clk 0:00:10]}  b3 {[%clk 0:00:05]} 73. Rf2 {[%clk 0:00:09]}  Kb4 {[%clk 0:00:06]} 74. Re2 {[%clk 0:00:09]}  Rd4 {[%clk 0:00:05]} 75. Rf2 {[%clk 0:00:09]}  Re4 {[%clk 0:00:05]} 76. Rg2 {[%clk 0:00:09]}  Rf4 {[%clk 0:00:04]} 77. Rh2 {[%clk 0:00:09]}  Rg4 {[%clk 0:00:04]} 78. Rf2 {[%clk 0:00:09]}  Rc4 {[%clk 0:00:04]} 79. Re2 {[%clk 0:00:09]}  Ka4 {[%clk 0:00:05]} 80. Rf2 {[%clk 0:00:09]}  Rb4 {[%clk 0:00:05]} 81. Rg2 {[%clk 0:00:08]}  Rf4 {[%clk 0:00:05]} 82. Re2 {[%clk 0:00:08]}  Rh4 {[%clk 0:00:05]} 83. Rf2 {[%clk 0:00:08]}  Rg4 {[%clk 0:00:04]} 84. Re2 {[%clk 0:00:08]}  Kb4 {[%clk 0:00:04]} 85. Rf2 {[%clk 0:00:08]}  Rc4 {[%clk 0:00:04]} 86. Re2 {[%clk 0:00:08]}  Ka4 {[%clk 0:00:04]} 87. Rf2 {[%clk 0:00:08]}  Rb4 {[%clk 0:00:04]} 88. Rg2 {[%clk 0:00:09]}  Kb5 {[%clk 0:00:05]} 89. Rf2 {[%clk 0:00:09]}  Kc5 {[%clk 0:00:05]} 90. Rg2 {[%clk 0:00:09]}  Kd5 {[%clk 0:00:06]} 91. Rh2 {[%clk 0:00:09]}  Ke5 {[%clk 0:00:06]} 92. Rd2 {[%clk 0:00:08]}  Ke4 {[%clk 0:00:06]} 93. Rd1 {[%clk 0:00:08]}  Ke3 {[%clk 0:00:06]} 94. Rd6 {[%clk 0:00:08]}  Rb7 {[%clk 0:00:04]} 95. Re6+ {[%clk 0:00:07]}  Kd4 {[%clk 0:00:04]} 96. Rd6+ {[%clk 0:00:07]}  Kc4 {[%clk 0:00:05]} 97. Rc6+ {[%clk 0:00:07]}  Kb4 {[%clk 0:00:05]} 98. Rh6 {[%clk 0:00:06]}  Ra7 {[%clk 0:00:05]} 99. Rh4+ {[%clk 0:00:06]}  Kb5 {[%clk 0:00:04]} 100. Kxb3 {[%clk 0:00:06]}  Rc7 {[%clk 0:00:02]} 101. Rh5+ {[%clk 0:00:05]} 1/2-1/2

[Event "April 9 Late 2024"]
[Site "Chess.com"]
[Date "2024.04.09"]
[Round "6"]
[White "Rustemov, Alexander"]
[Black "Liu, Yi"]
[Result "1-0"]
[Board "75"]
[WhiteFideId "4119002"]
[BlackFideId "3210588"]
[WhiteTitle "GM"]
[BlackTitle "FM"]
[WhiteElo "2827"]
[BlackElo "2500"]
[WhiteTeam "RUS"]
[BlackTeam "AUS"]
[WhiteClock "0:00:51"]
[BlackClock "0:00:00"]
[Variant "Standard"]

1. d4 {[%clk 0:03:00]}  Nf6 {[%clk 0:02:59]} 2. c4 {[%clk 0:03:00]}  e6 {[%clk 0:02:59]} 3. Nf3 {[%clk 0:03:01]}  d5 {[%clk 0:02:59]} 4. Nc3 {[%clk 0:03:01]}  Be7 {[%clk 0:02:58]} 5. Bg5 {[%clk 0:03:00]}  O-O {[%clk 0:02:57]} 6. e3 {[%clk 0:03:00]}  c6 {[%clk 0:02:52]} 7. Qc2 {[%clk 0:02:59]}  Nbd7 {[%clk 0:02:52]} 8. Rc1 {[%clk 0:02:58]}  h6 {[%clk 0:02:51]} 9. Bh4 {[%clk 0:02:57]}  Re8 {[%clk 0:02:42]} 10. h3 {[%clk 0:02:48]}  b6 {[%clk 0:01:58]} 11. cxd5 {[%clk 0:02:40]}  Nxd5 {[%clk 0:01:50]} 12. Bxe7 {[%clk 0:02:38]}  Qxe7 {[%clk 0:01:47]} 13. Nxd5 {[%clk 0:02:38]}  cxd5 {[%clk 0:01:48]} 14. Qa4 {[%clk 0:02:27]}  Nf6 {[%clk 0:01:45]} 15. Bd3 {[%clk 0:02:21]}  Bd7 {[%clk 0:01:44]} 16. Qb3 {[%clk 0:02:19]}  Rec8 {[%clk 0:01:41]} 17. O-O {[%clk 0:02:19]}  Qd6 {[%clk 0:01:23]} 18. Ne5 {[%clk 0:02:12]}  Be8 {[%clk 0:01:23]} 19. Ba6 {[%clk 0:02:11]}  Rc7 {[%clk 0:01:08]} 20. Qa3 {[%clk 0:02:06]}  Qxa3 {[%clk 0:01:00]} 21. bxa3 {[%clk 0:02:07]}  Re7 {[%clk 0:00:52]} 22. f3 {[%clk 0:01:58]}  Rd8 {[%clk 0:00:37]} 23. Rc3 {[%clk 0:01:58]}  Rd6 {[%clk 0:00:34]} 24. Rfc1 {[%clk 0:01:56]}  g6 {[%clk 0:00:28]} 25. Rc7 {[%clk 0:01:52]}  Rxc7 {[%clk 0:00:19]} 26. Rxc7 {[%clk 0:01:53]}  Nd7 {[%clk 0:00:12]} 27. Rxa7 {[%clk 0:01:22]}  Nxe5 {[%clk 0:00:11]} 28. dxe5 {[%clk 0:01:23]}  Rd8 {[%clk 0:00:05]} 29. Kf2 {[%clk 0:01:17]}  Rb8 {[%clk 0:00:03]} 30. Bd3 {[%clk 0:01:12]}  b5 {[%clk 0:00:02]} 31. Ke2 {[%clk 0:01:06]}  Kg7 {[%clk 0:00:02]} 32. Kd2 {[%clk 0:01:05]}  Rc8 {[%clk 0:00:03]} 33. f4 {[%clk 0:01:03]}  Rc5 {[%clk 0:00:03]} 34. g4 {[%clk 0:01:01]}  Rc8 {[%clk 0:00:02]} 35. h4 {[%clk 0:01:01]}  Rc5 {[%clk 0:00:02]} 36. g5 {[%clk 0:01:01]}  h5 {[%clk 0:00:01]} 37. Ra5 {[%clk 0:00:52]}  Kg8 {[%clk 0:00:00]} 38. a4 {[%clk 0:00:51]} 1-0